Náš polyvagální svět : jak nás pocit bezpečí a trauma mění /

Hlavní autor: Porges, Stephen W., 1945-
Další autoři: Porges, Seth, Poláková, Sabina, 1981-
Jazyk: Čeština
Vydáno: Praha : Maitrea, 2024
Vydání: První vydání v českém jazyce
Témata:
Fyzický popis: xxi, 296 stran ; 21 cm
Knihy
Uloženo v:
LEADER 02290nam a2200625 i 4500
001 nkc20243609489
003 CZ PrNK
005 20250304083423.0
007 ta
008 240605s2024 xr e f 001 0 cze
015 |a cnb003609489 
020 |a 978-80-7500-696-7  |q (brožováno) 
035 |a (OCoLC)1514347695 
040 |a ABA001  |b cze  |d BOA001  |e rda 
041 1 |a cze  |h eng 
072 7 |a 613  |x Hygiena. Lidské zdraví  |2 Konspekt  |9 14 
080 |a 612.8  |2 MRF 
080 |a 611.831  |2 MRF 
080 |a 613.86:616  |2 MRF 
080 |a 159.974  |2 MRF 
080 |a 613.86  |2 MRF 
080 |a (0.062)  |2 MRF 
100 1 |a Porges, Stephen W.,  |d 1945-  |7 osd20211132212  |4 aut 
240 1 0 |a Our polyvagal world.  |l Česky 
245 1 0 |a Náš polyvagální svět :  |b jak nás pocit bezpečí a trauma mění /  |c Stephen W. Porges, Seth Porges ; přeložila Sabina Poláková 
250 |a První vydání v českém jazyce 
264 1 |a Praha :  |b Maitrea,  |c 2024 
300 |a xxi, 296 stran ;  |c 21 cm 
336 |a text  |b txt  |2 rdacontent 
337 |a bez média  |b n  |2 rdamedia 
338 |a svazek  |b nc  |2 rdacarrier 
500 |a Přeloženo z angličtiny 
500 |a Terminologický slovník 
504 |a Obsahuje bibliografii, bibliografické odkazy a rejstřík 
650 0 7 |a neurofyziologie  |7 ph123257  |2 czenas 
650 0 7 |a bloudivý nerv  |7 ph1228027  |2 czenas 
650 0 7 |a psychosomatika  |7 ph124823  |2 czenas 
650 0 7 |a psychická traumata  |7 ph124784  |2 czenas 
650 0 7 |a zvládání stresu  |7 ph135858  |2 czenas 
650 0 9 |a neurophysiology  |2 eczenas 
650 0 9 |a vagus nerve  |2 eczenas 
650 0 9 |a psychosomatics  |2 eczenas 
650 0 9 |a psychic trauma  |2 eczenas 
650 0 9 |a stress management  |2 eczenas 
653 0 |a polyvagální teorie 
655 7 |a populárně-naučné publikace  |7 fd131864  |2 czenas 
655 9 |a popular works  |2 eczenas 
700 1 |a Porges, Seth  |7 mzk20251250362  |4 aut 
700 1 |a Poláková, Sabina,  |d 1981-  |7 xx0071407  |4 trl 
910 2 |a BOA001  |b 2-1537.643 
990 |a BK 
995 |a 01 
991 |b 202502  |c NOV 
996 6 |b 2610992761  |c 2-1537.643  |l MZK  |r Sklad / do 1 hodiny  |n 10  |p p.v.  |w 001991703  |u 000010  |a 1  |e BOA001  |j MZK50  |s P 
996 7 |b 2610994486  |c 2-1537.643  |l Vol.výběr  |r VV 0p  |n 9  |p kup  |h 613.86 POR  |w 001991703  |u 000020  |a 0  |e BOA001  |j MZK50  |s A